Inštitucionálne modely hospodárskej diplomacie - príklad Nemecka, Rakúska, Švajčiarska a Slovenska

Usporiadanie a inštitucionálna organizácia vládnych rezortov a orgánov, ktoré realizujú hospodársku diplomaciu, je v jednotlivých štátoch rôzna. Napriek tomu existujú niektoré charakteristické vlastnosti, podľa ktorých je možné zatriediť štát do odpovedajúceho modelu. Definícia modelov, ich všeobec...

Full description

Saved in:
Bibliographic Details
Main Author: Kužmová, Lucia
Format: Book Chapter
Language:Slovak
Subjects:
Tags: Add Tag
No Tags, Be the first to tag this record!

MARC

LEADER 00000naa a2200000 4500
001 0166697
005 20240502072913.9
041 0 |a slo 
044 |a SK 
245 1 0 |a Inštitucionálne modely hospodárskej diplomacie - príklad Nemecka, Rakúska, Švajčiarska a Slovenska  |c Lucia Kužmová 
520 |a Usporiadanie a inštitucionálna organizácia vládnych rezortov a orgánov, ktoré realizujú hospodársku diplomaciu, je v jednotlivých štátoch rôzna. Napriek tomu existujú niektoré charakteristické vlastnosti, podľa ktorých je možné zatriediť štát do odpovedajúceho modelu. Definícia modelov, ich všeobecný prehľad a ich základné charakteristiky. Ako príklad sú uvedené inštitúcie, ktoré sa zúčastňujú na výkone hospodárskej diplomacie Nemecka, Rakúska, Švajčiarska a Slovenska. Jednotlivým krajinám je priradený odpovedajúci model hospodárskej diplomacie. Analýza inštitucionálnych štruktúr hospodárskej diplomacie týchto krajín s ohľadom na pozitívne a negatívne vlastnosti aplikovaných modelov. 
610 2 0 |a diplomacia hospodárska 
610 2 0 |a Švajčiarsko 
610 2 0 |a Nemecko 
610 2 0 |a Rakúsko 
610 2 0 |a Slovensko 
610 2 0 |a vzťahy hospodárske medzinárodné 
100 1 |a Kužmová, Lucia